Man Of The Year - Lorde (All Lyrics) - Statistics

General Stats
  • This quiz has been taken 73 times
  • The average score is 148 of 214
Answer Stats
Lyrics % Correct
I
100%
of
96%
for
93%
man
93%
the
93%
year
93%
a
89%
it
89%
Let
89%
Let's
89%
me
89%
he
85%
hear
85%
Hear
85%
go
78%
in
78%
Like
78%
like
78%
my
78%
My
78%
Oh,
78%
oh
78%
who
78%
love
74%
Love
74%
on
74%
that
74%
this?
74%
this
74%
to
74%
Whos
74%
You
74%
by
70%
day,
70%
gon'
70%
at
67%
down
67%
hope
67%
How
67%
I'm
67%
light,
67%
Now
67%
think
67%
through
67%
time
67%
and
63%
bike,
63%
didn't
63%
life
63%
met
63%
off
63%
really
63%
up
63%
appear
59%
chain,
59%
Days
59%
Gold
59%
haze,
59%
he'd
59%
I've
59%
strange
59%
want
59%
ego
56%
from
56%
Gliding
56%
gliding
56%
music
56%
new
56%
recent
56%
remembered
56%
way
56%
Way
56%
babe
52%
broken
52%
can't
52%
else
52%
give
52%
jerk
52%
more
52%
someone
52%
Someone
52%
sweet
52%
Take
52%
any
48%
become
48%
'bout
48%
cord
48%
could
48%
cut
48%
death
48%
face
48%
flow
48%
myself
48%
open
48%
overnight,
48%
violent,
48%
believe
44%
knife
44%
shoulders,
44%
sing
44%
Sirens
44%
sleep
44%
stay
44%
Uh
44%
uh
44%
wave
44%
lightness?
41%
mouthwash,
41%
Playing
41%
riding
41%
late
37%
Swish
37%
huh
19%
No matching quizzes found
Score Distribution
Percent of People with Each Score
Percentile by Number Answered
Your Score History
You have not taken this quiz